00485cam a2200157 a 450000100100000000500170001000800410002704000230006808200200009110000330011124500490014426000720019330000200026565000200028565000220030500000613720200929151939.0770310s1975 cu f001 p spa  aDO-SdBNPcDLCdDLC aCu861.44bN322d1 aNavarro, Osvaldo,d1946-200914aLos días y los hombres /cOsvaldo Navarro. aLa Habana :bArte y Literatura,bInstituto Cubano del Libro,c1975. a74 p. ;c18 cm. 4aPoesía cubana 4aLiteratura cubana